| 000 | 01904nam a22004217a 4500 | ||
|---|---|---|---|
| 005 | 20140311104247.0 | ||
| 008 | 140311r20111998ck abdogr spa d | ||
| 020 | _a9589129455 | ||
| 041 | 1 | _aspa | |
| 044 | _ack | ||
| 082 |
_a986.1 _bF17c |
||
| 110 | 2 |
_aFondo FEN Colombia _98585 |
|
| 245 | 1 | 0 |
_aColombia Orinoco _cDarío Fajardo Montaña, Camilo Domínguez, Joaquín Molano B., Orlando Rangel, Thomas R. Defler, José Vicente Rodríguez, Augusto Gómez L., Inés Cavelier, Héctor Publio Pérez, Guido Barona B., Mario Mejía Gutiérrez, María Eugenia Romero Moreno, Hilda Lucía Díaz G., Orlando Aguilar G., Carmen Galeano, Leonel Pérez B. |
| 260 | 3 |
_aBogotá _bUniversidad Nacional de Colombia _c2011 |
|
| 300 |
_a328 p. _bil., fot., mapas, tablas, gráficas _c34 cm |
||
| 504 | _aIncluye bibliografía al final de cada capitulo | ||
| 650 | 6 |
_aRecursos naturales _zOrinoquía (Región, Colombia) _919877 |
|
| 650 | 6 |
_aIndígenas de Colombia (Llanos Orientales) _zOrinoquía (Región, Colombia) _919878 |
|
| 651 | 6 |
_aOrinoquía (Región, Colombia) _x Descripciones y viajes _919879 |
|
| 651 | 6 |
_aOrinoquía (Región, Colombia) _x Historia _919880 |
|
| 651 | 6 |
_aOrinoquía (Región, Colombia) _x Vida social y costumbres _919881 |
|
| 700 | 1 |
_aDomínguez, Camilo _911948 |
|
| 700 | 1 |
_aMolano B., Joaquín _919882 |
|
| 700 | 1 |
_aRangel, Orlando _919883 |
|
| 700 | 1 |
_aDefler, Thomas R. _96444 |
|
| 700 | 1 |
_aRodríguez, José Vicente _96976 |
|
| 700 | 1 |
_aGómez L., Augusto _919884 |
|
| 700 | 1 |
_aCavelier, Inés _91341 |
|
| 700 | 1 |
_aPublio Pérez, Héctor _919885 |
|
| 700 | 1 |
_aBarona B., Guido _919886 |
|
| 700 | 1 |
_aMejía Gutiérrez, Mario _911946 |
|
| 700 | 1 |
_aRomero Moreno, María Eugenia _919887 |
|
| 700 | 1 |
_aDíaz G., Hilda Lucía _919888 |
|
| 700 | 1 |
_aAguilar G., Orlando _919889 |
|
| 700 | 1 |
_aGaleano, Carmen _919890 |
|
| 700 | 1 |
_aPérez B., Leonel _919891 |
|
| 942 |
_2ddc _cImpreso |
||
| 999 |
_c8259 _d8259 |
||